000
00323nam a2200133Ia 4500
008
230818s2003 xx 000 0 und d
041
_a
eng
100
_a
Costantino
245
_a
Cocktail deluxe
260
_b
Sil verdale book wigston
_c
2003
300
_a
256p
520
_a
General
999
_c
851985
_d
851985
650
_a
Food and Beverage service